Dasht-i k̲h̲ayāl. (Record no. 67480)

MARC details
000 -LEADER
fixed length control field 00549cam a22002291 4500
001 - CONTROL NUMBER
control field sa 66000888
003 - CONTROL NUMBER IDENTIFIER
control field DLC
005 - DATE AND TIME OF LATEST TRANSACTION
control field 20260227112218.0
008 - FIXED-LENGTH DATA ELEMENTS--GENERAL INFORMATION
fixed length control field 940602s1965 pk 000 1 urdo
010 ## - LIBRARY OF CONGRESS CONTROL NUMBER
LC control number sa 66000888
025 ## - OVERSEAS ACQUISITION NUMBER
Overseas acquisition number PL480:P-U-1327
035 ## - SYSTEM CONTROL NUMBER
System control number (OCoLC)30538162
040 ## - CATALOGING SOURCE
Original cataloging agency DLC
Transcribing agency CU
Modifying agency CU
-- DLC
042 ## - AUTHENTICATION CODE
Authentication code premarc
050 00 - LIBRARY OF CONGRESS CALL NUMBER
Classification number PK2200.C5
Item number D3
100 1# - MAIN ENTRY--PERSONAL NAME
Personal name Chandar, Krishan.
245 10 - TITLE STATEMENT
Title Dasht-i k̲h̲ayāl.
260 ## - PUBLICATION, DISTRIBUTION, ETC.
Date of publication, distribution, etc. [1965]
300 ## - PHYSICAL DESCRIPTION
Extent 200 p.
Dimensions 19 cm.
500 ## - GENERAL NOTE
General note In Urdu.
500 ## - GENERAL NOTE
General note Text partially vocalized.

No items available.

Powered by Koha